000 01109cab a2200409 4500
001 ABS58697
008 090401t1998 xxu||||| |||| 00| 0 eng d
035 _a(Sirsi) u86112
041 _aeng
245 _aFocus `98: Norfolk and Suffolk
260 _c1998
350 _a0
490 _aEstates Gazette
_v(9818) 2 May 1998, 87-119(16)
650 _aBURY ST EDMUNDS
650 _aBUSINESS PARKS
650 _aDOCKS
650 _aDOWNHAM MARKET
650 _aEAST ANGLIA
650 _aFELIXSTOWE
650 _aGREAT YARMOUTH
650 _aINDUSTRIAL MARKET
650 _aIPSWICH
650 _aLEISURE CENTRES
650 _aLEISURE MARKET
650 _aLOWESTOFT
650 _aMULTIPLEXES
650 _aNORFOLK
650 _aNORWICH
650 _aPROPERTY-COMMERCIAL PROPERTY-OFFICE PROPERTY-OFFICE PROPERTY MARKET
650 _aQUAYS
650 _aPROPERTY-COMMERCIAL PROPERTY-RETAIL PROPERTY-RETAIL PROPERTY MARKET
650 _aSUFFOLK
650 _aTOURISM
690 _aPROPERTY-COMMERCIAL PROPERTY-COMMERCIAL PROPERTY MARKET
942 _n0
948 _c08/05/1998
999 _c54177
_d54177